Statistics for Cycling Multiple Choice Quiz

Click here to take the quiz!

General Stats

  • This quiz has been taken 127 times
    (115 since last reset)
  • The average score is 9 of 20

Answer Stats

QuestionAnswer% Correct
Primoz Roglic may be a world class cyclist but which sport was he a junior world champion in?Ski Jumping
85%
Eddy Merckx has 34 Tour de France stage wins but who is second with 30?Mark Cavendish
78%
What is Milano–Sanremo often referred to as?La Classicissima di primavera
69%
Who won the 2011 Tour de France?Cadel Evans
59%
The Monuments are some of cycling's oldest races but which one of the five is the oldest?Liège–Bastogne–Liège
55%
Who is the current Union Cycliste Internationale (UCI) President?David Lappartient
51%
Who has won a staggering 42 stages in the Giro d'Italia?Mario Cipollini
49%
Which of one these riders has NOT won the Vuelta a Espana?Joaquim Rodriguez
48%
Who was referred as the 'Eagle of Toledo'?Federico Bahamontes
47%
Going into the 2018 UCI World Road Race Championships, who was the leader of the French Team in the Mens Elite Road Race?Julian Alaphilippe
47%
Which Astana rider is a former Under-23 UCI Mountain Bike World Champion?Jakob Fuglsang
45%
Who won the 2016 Tour of Flanders?Peter Sagan
45%
Tom Boonen is one of two riders whom have won four Paris-Roubaix but who is the other?Roger De Vlaeminck
40%
In the 1989 Tour De France prologue, who set off 2:40 after his designated starting time?Pedro Delgado
39%
Mark Cavendish won the 2009 Milano-Sanremo by the width of a tyre but who did he beat?Heinrich Haussler
33%
Fausto Coppi was often said to have introduced "modern" methods to cycling but what drug did he refer to as La Bomba?Amphetamine
32%
When Vincenzo Nibali won his first Giro di Lombardia, which team did he ride for?Astana
29%
Who was stripped of the 2003 UCI Road World Championships – Men's time trial victory?David Millar
24%
Chris Froome won stage 19 of the Giro d'Italia with an attack reminiscent of Merckx or Coppi but who came second?Richard Carapaz
18%
Before Lance Armstrong was banned from the sport, how many times had he won the Critérium du Dauphiné Libéré?1
10%

Score Distribution

Percentile by Number Answered

Percent of People with Each Score

Your Score History

You have not taken this quiz since the last reset